Top Song Every Year by Letter - A - Statistics

General Stats
  • This quiz has been taken 42 times
    8 since last reset
  • The average score is 15 of 68
Answer Stats
Year Artist Song % Correct
1982 Steve Miller Band Abracadabra
75%
1983 Toto Africa
75%
1970 The Guess Who American Woman
75%
1980 Pink Floyd Another Brick in the Wall, Part II
75%
1969 The 5th Dimension Aquarius/Let the Sunshine In
75%
1993 Peabo Bryson and Regina Belle A Whole New World
75%
2024 Shaboozey A Bar Song (Tipsy)
50%
2025 Shaboozey A Bar Song (Tipsy)
50%
1986 Robert Palmer Addicted to Love
50%
1964 The Beatles A Hard Day's Night
50%
1987 Heart Alone
50%
1972 Gilbert O'Sullivan Alone Again (Naturally)
50%
2000 Lonestar Amazed
50%
1974 John Denver Annie's Song
50%
1995 Real McCoy Another Night
50%
1985 Duran Duran A View to a Kill
50%
2020 Harry Styles Adore You
25%
1984 Phil Collins Against All Odds (Take a Look at Me Now)
25%
2006 Christina Aguilera Ain't No Other Man
25%
2010 B.o.B ft. Hayley Williams Airplanes
25%
2015 Meghan Trainor All About That Bass
25%
1994 Bryan Adams, Rod Stewart and Sting All for Love
25%
2003 Jennifer Lopez ft. LL Cool J All I Have
25%
1958 The Everly Brothers All I Have to Do Is Dream
25%
2014 John Legend All of Me
25%
2018 Kendrick Lamar and SZA All the Stars
25%
1996 Mariah Carey Always Be My Baby
25%
1990 Phil Collins Another Day in Paradise
25%
2008 Timbaland ft. OneRepublic Apologize
25%
2013 Lady Gaga Applause
25%
2022 Harry Styles As It Was
25%
2012 Justin Beiber ft. Big Sean As Long as You Love Me
25%
2021 Masked Wolf Astronaut in the Ocean
25%
2002 Vanessa Carlton A Thousand Miles
25%
2017 Charlie Puth Attention
25%
1981 Raydio A Woman Needs Love (Just Like You Do)
25%
2007 Hurricane Chris A Bay Bay
0%
1976 Walter Murphy & The Big Apple Band A Fifth of Beethoven
0%
1966 The Mindbenders A Groovy Kind of Love
0%
1961 Gene McDaniels A Hundred Pounds of Clay
0%
1971 Bill Withers Ain't No Sunshine
0%
1973 The Four Tops Ain't No Woman (Like the One I've Got)
0%
1979 Olivia Newton-John A Little More Love
0%
1992 Color Me Badd All 4 Love
0%
1962 Bent Fabric Alley Cat
0%
1960 The Hollywood Argyles Alley Oop
0%
2004 Kanye West ft. Syleena Johnson All Falls Down
0%
1997 Sister Hazel All for You
0%
2001 Janet Jackson All for You
0%
1998 K-Ci & JoJo All My Life
0%
2011 Kanye West All of the Lights
0%
1991 Whitney Houston All the Man That I Need
0%
2019 21 Savage A Lot
0%
2009 Kelly Clarkson Already Gone
0%
1978 Andy Gibb An Everlasting Love
0%
1977 Hot Angel in Your Arms
0%
1999 Monica Angel of Mine
0%
1968 Merrilee Rush Angel of the Morning
0%
1963 Sam Cooke Another Saturday Night
0%
2016 Travis Scott Antidote
0%
2023 Taylor Swift Anti-Hero
0%
1988 Gloria Estefan and Miami Sound Machine Anything for You
0%
1967 Jay & the Techniques Apples, Peaches, Pumpkin Pie
0%
1989 Def Leppard Armageddon It
0%
2005 Toby Keith As Good as I Once Was
0%
1959 Dion and the Belmonts A Teenager in Love
0%
1965 Horst Jankowski A Walk in the Black Forest
0%
1975 B.J. Thomas (Hey Won't You Play) Another Somebody Done Somebody Wrong Song
0%
No matching quizzes found
Score Distribution
Percent of People with Each Score
Percentile by Number Answered
Your Score History
You have not taken this quiz since the last reset